Birth of Jesus, Lk 2:1-7 (NIV) Quiz Stats

 Plays Quiz not verified by Sporcle

Also try: Genesis Lines 1-5
Challenge
Share
Tweet
Embed
Score 0/136 Timer 07:00
0 Plays Today
words of Luke 2:1-7 (NIV 1984) % Correct
a
97.7%
a
97.7%
the
97.7%
the
97.7%
And
97.7%
the
97.7%
the
97.7%
the
97.7%
and
97.7%
and
97.7%
a
97.7%
the
97.7%
the
97.7%
and
97.7%
a
97.7%
and
97.7%
a
97.7%
the
97.7%
In
89.3%
in
88.6%
him
87.9%
him
87.9%
in
87.8%
he
87.5%
He
87.5%
in
87.5%
in
87.2%
she
86.4%
She
86.4%
of
84.1%
of
84.1%
to
84%
be
82.8%
be
82.8%
him
82.8%
be
82.8%
Mary,
82.2%
to
81.8%
that
80.6%
to
80%
to
79.8%
to
79.7%
to
78.5%
there
78.5%
to
78.5%
to
78.5%
words of Luke 2:1-7 (NIV 1984) % Correct
to
78.5%
to
78.5%
Joseph
78.4%
of
77%
manger,
76.1%
were
76%
of
74.2%
of
74.2%
was
73.8%
was
73.7%
was
73.7%
was
73.7%
was
73.7%
for
72.7%
for
72.7%
So
72.6%
Bethlehem
72.6%
born,
72.5%
While
72.4%
born,
71.6%
no
71.3%
child.
71.1%
those
70.9%
inn.
69.2%
there,
68.5%
there
67.7%
room
67.7%
went
67.2%
went
66.7%
days
66.4%
David,
66.3%
David.
66.3%
town
65.8%
baby
65.8%
placed
64.7%
son.
64.2%
census
64%
census
64%
town
64%
town
64%
them
63.7%
they
63.1%
birth
61.5%
his
60.9%
cloths
60.1%
her
59.6%
words of Luke 2:1-7 (NIV 1984) % Correct
went
59%
came
58.5%
time
58%
because
57.8%
because
57.8%
wrapped
57.7%
everyone
57.4%
gave
57.3%
that
57.1%
decree
54.8%
Nazareth
54.7%
with
54.6%
married
54.1%
(This
53.5%
who
52.9%
took
52.6%
Caesar
51.4%
first
51.2%
first
51.1%
while
50.1%
register.
49.8%
register
49.8%
place
49.4%
issued
49.2%
own
49.1%
Augustus
48.6%
entire
48.2%
expecting
48%
line
47.7%
should
46.7%
from
46.5%
up
46.4%
house
46%
Syria.)
45.9%
belonged
45.3%
taken
45.2%
pledged
45%
Judea,
44.9%
world.
43.8%
Galilee
39.9%
also
39.1%
Roman
37.8%
governor
37.8%
Quirinius
31.8%

You're not logged in!

Compare scores with friends on all Sporcle quizzes.
OR
Log In

You Might Also Like...

Show Comments

Extras

Top Quizzes Today


Score Distribution

Your Account Isn't Verified!

In order to create a playlist on Sporcle, you need to verify the email address you used during registration. Go to your Sporcle Settings to finish the process.

Report this User

Report this user for behavior that violates our Community Guidelines.

Details: